000 00418nam a2200169Ia 4500
008 230711s9999||||xx |||||||||||||| ||und||
020 _a978-93-313-2485-6
041 _aENG
082 _a677.028
_bMA-T
100 _aMahapatra,N.N
245 0 _aTextile Processing
250 _a1st Ed.
260 _c2015
_aNew Delhi
_bA.P.H.Publishing Corporation
300 _a237p.
650 _aTextile Engineering
942 _cBK
999 _c6094
_d6094